00935nam a22001937a 4500003000900000005001700009008004100026040002800067082001700095100003200112245011300144260010400257300004500361504005100406505020600457650001900663700003100682700002800713DO-CoUTE20260521140217.0260521b dr ||||| |||| 00| 0 spa d aDO-CoUTEbspacDO-CoUTE aRD972.93o77m1 aOrtega, J. Elpidio eAutor 10aManantial de la Aleta y la Arqueologia en el parque Nacional del este / cElpidio J. Ortega y Gabriel Atiles aSanto Domingo, República Dominicana : bAcademia de Ciencias de la República Dominicana, c2003 a155 Paginas : bFotografías ; c18cm,  aIncluye referencia bibliográfica e índice. aExcavations (Archaeology) -- Dominican Republic Dominican Republic -- Antiquities Aleta, Manantial de la (Dominican Republic) -- Antiquities Parque Nacional del Este (Dominican Republic) -- Antiquities 4aPublicaciones 1 aElpidio J. Ortega eAutor 1 aGabriel Atiles eAutor